| 000 | 00662nmm a2200193Ia 4500 | ||
|---|---|---|---|
| 008 | 251105s9999||||xx |||||||||||||||||und|| | ||
| 020 | _a9788491920472 | ||
| 041 | _aspa | ||
| 100 | _aLópez de Mariscal, Blanca | ||
| 245 | 0 |
_aArte de bien morir y La contienda del cuerpo y alma : _b Un incunable toledano de 1500 |
|
| 264 |
_a[Madrid, España] : _bIberoamericana Vervuert, _c2019 |
||
| 300 | _a116 páginas | ||
| 490 | _aBiblioteca Áurea Hispánica | ||
| 650 | _aLiterary History | ||
| 700 | _aLópez de Mariscal, Blanca | ||
| 700 | 1 | _a Rodríguez Domínguez, Guadalupe (eds.) | |
| 856 | _uhttps://public.digitaliapublishing.com/a/63058 | ||
| 942 | _cCF | ||
| 999 |
_c67978 _d67978 |
||